000 00394pab a2200145 454500
008 180718b1990 xxu||||| |||| 00| 0 eng d
100 _aPandey, Vikash N.
245 _aProperty law and agrarian relations in colonial Awadh
_b1909-1920
260 _c1990
300 _a2601-8
362 _a24 Nov.
650 _aLand Tenure - India
773 _aEconomic and Political Weekly
909 _a12302
999 _c12302
_d12302